00400nam a22001217a 4500003000400000008004100004020001800045082001700063245009000080260007400170300001600244700001800260OSt260622b |||||||| |||| 00| 0 eng d a9789388892377 a658.11bS53Y aYes, You can Launch Your Own Enterprise: Beginners' Guide / by J.P. Sharma...[et al.] aNew Delhi: bInternational Books & Periodicals Supply Service,c2020. axii, 210 p. aSharma, J.P.